Manufacturing engineering and technology, 5th Ed (Record no. 291706)

000 -LEADER
fixed length control field 00322 a2200133 4500
001 - CONTROL NUMBER
control field 56633
082 ## - DEWEY DECIMAL CLASSIFICATION NUMBER
Classification number 670.42 KAL
090 ## - LOCALLY ASSIGNED LC-TYPE CALL NUMBER (OCLC); LOCAL CALL NUMBER (RLIN)
-- 34852
-- 34852
100 ## - MAIN ENTRY--PERSONAL NAME
Personal name Kalpakjian Serope
245 ## - TITLE STATEMENT
Title Manufacturing engineering and technology, 5th Ed
250 ## - EDITION STATEMENT
Edition statement 5
260 ## - PUBLICATION, DISTRIBUTION, ETC.
Place of publication, distribution, etc. NJ
Name of publisher, distributor, etc. Pearson
Date of publication, distribution, etc. 2006
300 ## - PHYSICAL DESCRIPTION
Extent xxiv, 1295 p.
Other physical details Hb
942 ## - ADDED ENTRY ELEMENTS (KOHA)
Institution code [OBSOLETE] NUST-CAE
Call number prefix 670.42 KAL
Holdings
Withdrawn status Lost status Damaged status Not for loan Collection code Permanent Location Current Location Date acquired Total Checkouts Full call number Barcode Date last seen Price effective from Koha item type
          College of Aeronautical Engineering (CAE) College of Aeronautical Engineering (CAE) 04/03/2017   670.42 KAL CAE80055 04/05/2017 04/05/2017 Book
© 2023 Central Library, National University of Sciences and Technology. All Rights Reserved.